| 000 | 00361nam a2200145Ia 4500 | ||
|---|---|---|---|
| 008 | 230917s9999||||xx |||||||||||||| ||und|| | ||
| 040 |
_e73418 _aMAIN |
||
| 041 | _aEnglish | ||
| 082 | _a658.93 F884S | ||
| 100 | _aFreivalds, John, ed | ||
| 245 | 0 | _aSuccessful agribusiness management | |
| 260 |
_aEngland _bGower _c1985 |
||
| 300 | _axiii, 245 p. | ||
| 942 | _cBK | ||
| 999 |
_c46606 _d46606 |
||